000 00363nam a2200145Ia 4500
008 230917s9999||||xx |||||||||||||| ||und||
040 _e106920
_aMAIN
041 _aEnglish
082 _a910.02 B885G
100 _aBunnett, R.B.
245 0 _aPhysical geography in diagrams
260 _aSingapore
_bPearson Education
_c2003
300 _a263p p.
942 _cBK
999 _c121184
_d121184